| Поле | Инд. | ПП | Название | Значение |
|---|---|---|---|---|
| Тип записи | a | |||
| Библиографический уровень | b | |||
| 001 | Контрольный номер | 5a2a3dfc2bf34dd0be7f77f20724069c | ||
| 005 | Дата корректировки | 20230410173144.4 | ||
| 040 | a | Служба первич. каталог. | РИНЦ | |
| 041 | 0_ | a | Код языка текста | rus |
| 097 | a | Костяева О.Г. | ||
| 100 | 1_ | a | Автор | Vasyutina M. |
| 100 | 1_ | a | Автор | Sveshnikova L. |
| 100 | 1_ | a | Автор | Bonvech E. A. |
| 100 | 1_ | a | Автор | Bulan A. V. |
| 100 | 1_ | a | Автор | Grebenyuk V. M. |
| c | Титул (звания) | ; кандидат технических наук; доцент (должность); | ||
| i | 000089026 | |||
| g | Прочие сведения | РИНЦ AuthorID: 29718 (https://elibrary.ru/author_profile.asp?id=29718); Scopus Author ID: 7005773032 (https://www.scopus.com/authid/detail.uri?authorId=7005773032) | ||
| k | Кафедра проектирования электроники для установок "мегасайенс"; Инженерно-физический институт | |||
| q | Полное имя | Гребенюк Виктор Матвеевич | ||
| u | Дополнение | Гребенюк В. М. | ||
| 100 | 1_ | a | Автор | Sagan Y. |
| i | 100089266 | |||
| j | Принадлежность неизвестного автора к последователям, ученикам, сторонникам, школе и т. д. | государственный университет "Дубна" | ||
| k | Кафедра ядерной физики; Инженерно-физический институт | |||
| q | Полное имя | Сагань Ярослав Игоревич | ||
| u | Дополнение | Сагань Я. И. | ||
| 100 | 1_ | a | Автор | Tkachev L. G. |
| j | Принадлежность неизвестного автора к последователям, ученикам, сторонникам, школе и т. д. | государственный университет "Дубна" | ||
| c | Титул (звания) | старший научный сотрудник; кандидат физико-математических наук; доцент (должность); | ||
| i | 000091260 | |||
| g | Прочие сведения | РИНЦ AuthorID: 34976 (http://elibrary.ru/author_profile.asp?id= 34976); Scopus Author ID: 8333006800 (https://www.scopus.com/authid/detail.uri?authorId=8333006800) | ||
| k | Кафедра ядерной физики; Инженерно-физический институт | |||
| q | Полное имя | Ткачев Леонид Григорьевич | ||
| u | Дополнение | Ткачев Л. Г.; Tkachev Leonid G. | ||
| 245 | 10 | a | Заглавие | Gamma/Hadron Separation for A Ground Based Iact in Experiment Taiga Using Random Forest Machine Learning Methods |
| 773 | 18 | t | Название источника | Proceedings of Science |
| c | Italy | |||
| d | Место и дата издания | 2022 | ||
| m | Специф. данные | входит в Scopus; сборник трудов конференции | ||
| x | ISSN | 1824-8039 | ||
| g | Прочая информация | V. 140. - P. 8 | ||
| w | Контрольный № источника | 427c302de3ec48df950d4e82f8826b43 | ||
| b | Сведения об издании | Sissa Medialab Srl | ||
| o | Прочие индексы | scopus 0.11 | ||
| a | Заголовок основной записи | 5th International Workshop on Deep Learning in Computational Physics, DLCP 2021 | ||
| 856 | 40 | u | URL | https://www.elibrary.ru/item.asp?id=48148179 |
| 901 | t | Тип документа | b | |
| 952 | c | Вид литературы | материалы конференции |